| 000 | 00462nam a22001697a 4500 | ||
|---|---|---|---|
| 003 | CEME | ||
| 005 | 20210628210558.0 | ||
| 008 | 210210b xxu||||| |||| 00| 0 eng d | ||
| 040 | _c. | ||
| 082 | _a297.4 SAJ | ||
| 100 |
_aSajjad, A.K _980031 |
||
| 245 | _aThe sufi abandon not the path of righteousness,ancient wisdom for modern times | ||
| 260 |
_aISLAMABAD _bMODERN BOOK DEPOT _c1996 |
||
| 300 | _a198P | ||
| 650 |
_aISLAM-SUFISM _968199 |
||
| 942 |
_cBK _2ddc |
||
| 999 |
_c585008 _d585008 |
||